Textbook of Criminal law (Record no. 35348)

MARC details
000 -LEADER
fixed length control field 00381nam a2200169Ia 4500
020 ## - INTERNATIONAL STANDARD BOOK NUMBER
ISBN 9789381082911
050 ## - CALL MARK
Classification number KM 500 .B2/
100 ## - STATEMENT OF RESPONSIBILITY--MAIN AUTHOR NAME
Personal name Baker, D. J.
245 #0 - TITLE STATEMENT
Title Textbook of Criminal law
250 ## - EDITION / VOLUME STATEMENT
Edition / Volume statement 2nd ed.
260 ## - PUBLICATION, DISTRIBUTION, ETC. (IMPRINT)
Year of publication 2012
300 ## - PHYSICAL DESCRIPTION
Number of Pages 1370 p
650 ## - SUBJECT ADDED ENTRY--TOPICAL TERM
Topical Term criminal law
942 ## - ADDED ENTRY ELEMENTS (KOHA)
Koha item type Books
Holdings
Withdrawn status Lost status Source of classification or shelving scheme Damaged status Not for loan Permanent Location Current Location Shelving location Date acquired Accession Number Price effective from Koha item type
    Library of Congress Classification     Law Library Law Library Items on shelf 04/23/2025 0184376 04/23/2025 Books